[Event "Gausdal Classics GMB"]
[Site "Gausdal NOR"]
[Date "2008.04.12"]
[Round "5"]
[White "Pruess,D"]
[Black "Rotstein,A"]
[Result "1/2-1/2"]
[WhiteElo "2425"]
[BlackElo "2528"]

1.e4 c5 2.Nf3 e6 3.d4 cxd4 4.Nxd4 Nc6 5.Nc3 Qc7 6.Be3 a6 7.Bd3 Nf6 8.O-O b5
9.Nxc6 Qxc6 10.a3 Bb7 11.Qe2 Rc8 12.f4 Bc5 13.Bxc5 Qxc5+ 14.Kh1 O-O 15.e5 Nd5
16.Ne4 Qe3 17.Qh5 h6 18.Rf3 Qd4 19.Rg3 f5 20.Qxh6 Rf7 21.Nd6 Nxf4 22.Nxf7 Bxg2+
23.Rxg2 Nxg2 24.Qh8+ Kxf7 25.Qxc8 Qd5 26.Kg1 Nf4 27.Kf2 Qd4+ 28.Kf3 g5 29.Re1 g4+
30.Kg3 Nh3 31.Rf1 Qxe5+ 32.Kg2 Qd5+ 33.Kg3 Qd6+ 34.Kg2 Qd5+ 35.Kg3 Qe5+ 36.Kg2 Qd5+
37.Kg3 f4+  1/2-1/2

[Event "ch-NED"]
[Site "Hilversum NED"]
[Date "2008.04.13"]
[Round "11"]
[White "Smeets,J"]
[Black "Stellwagen,D"]
[Result "1-0"]
[WhiteElo "2578"]
[BlackElo "2621"]

1.e4 c5 2.Nf3 e6 3.d4 cxd4 4.Nxd4 Nc6 5.Nc3 Qc7 6.Be3 a6 7.f4 b5 8.Qf3 Bb7
9.Bd3 Nf6 10.g4 d6 11.O-O-O Be7 12.Kb1 Nd7 13.g5 O-O 14.h4 Nc5 15.Nce2 Rac8
16.h5 Nxd4 17.Nxd4 f5 18.gxf6 Bxf6 19.Qg4 e5 20.Ne6 Nxe6 21.Qxe6+ Kh8 22.h6 g6
23.Rhf1 Qe7 24.Qb3 exf4 25.Bxf4 Be5 26.Bxe5+ dxe5 27.a4 b4 28.Rxf8+ Rxf8
29.c3 bxc3 30.Qxc3 g5 31.Bc4 Bxe4+ 32.Ka2 Bf5 33.Bxa6 Qe6+ 34.Bc4 Qxh6 35.Qxe5+ Qg7
36.Qd6 g4 37.a5 g3 38.Rg1 Ra8 39.a6 g2 40.Qd5 Re8 41.Qxf5 Qd4 42.Qf7 Rc8
43.Rxg2 Qxc4+ 44.Qxc4 Rxc4 45.Rg3  1-0

[Event "TCh-FRA Top 16 Gp A"]
[Site "Noyon FRA"]
[Date "2008.04.13"]
[Round "7"]
[White "Fressinet,L"]
[Black "Timman,J"]
[Result "1/2-1/2"]
[WhiteElo "2656"]
[BlackElo "2561"]

1.e4 c5 2.Nf3 Nc6 3.d4 cxd4 4.Nxd4 e6 5.Nc3 a6 6.Be3 Nf6 7.Bd3 Qc7 8.O-O Nxd4
9.Bxd4 Bc5 10.Bxc5 Qxc5 11.Kh1 d6 12.f4 e5 13.Qe1 Be6 14.Rd1 exf4 15.Nd5 Nxd5
16.exd5 Qxd5 17.Rxf4 Qe5 18.Re4 Qf6 19.Rb4 O-O 20.Rxb7 g6 21.Qg3 Rfd8 22.Rf1 Qe5
23.b3 a5 24.a4 Qxg3 25.hxg3 Kf8 26.Kg1 Rdb8 27.Rb5 Bd7 28.Rxb8+ Rxb8 29.Bc4 f5
30.g4 Ke7 31.g5 Bc6 32.Re1+ Kd7 33.Kf2 Be4 34.Rh1 d5 35.Bb5+ Ke6 36.Rxh7 Bxc2
37.Ke3 f4+ 38.Kxf4 Bxb3 39.Rg7 Bc2 40.Rc7 Bxa4 41.Rc6+ Kf7 42.Rc7+ Ke6 43.Rc6+ Kf7
44.Rc7+  1/2-1/2

[Event "Copenhagen Chess Challenge"]
[Site "Ballerup DEN"]
[Date "2008.04.16"]
[Round "1"]
[White "Karim,I"]
[Black "Pallesen,Ja"]
[Result "1-0"]
[WhiteElo "2394"]
[BlackElo "2038"]

1.e4 c5 2.Nf3 e6 3.d4 cxd4 4.Nxd4 Nc6 5.Nc3 a6 6.Nxc6 bxc6 7.Bd3 d5 8.O-O Nf6
9.Re1 Be7 10.e5 Nd7 11.Qg4 g6 12.Bh6 a5 13.Na4 c5 14.c4 d4 15.b3 Bb7 16.f4 Qc7
17.h4 Bc6 18.Nb2 a4 19.Nxa4 Bxa4 20.bxa4 Rxa4 21.f5 exf5 22.Bxf5 Nf8 23.e6 f6
24.Bc2 Rxc4 25.Bb3 Rc3 26.Ba4+ Kd8 27.Qe4 Bd6 28.e7+ Bxe7 29.Bf4 Qa7 30.Rab1 Qxa4
31.Rb8+ Kd7 32.Qb7+  1-0

[Event "4th Open"]
[Site "Rhone FRA"]
[Date "2008.04.16"]
[Round "7"]
[White "Ravot,S"]
[Black "Fargere,Fr"]
[Result "0-1"]
[WhiteElo "2233"]
[BlackElo "2367"]

1.e4 c5 2.Nf3 e6 3.d4 cxd4 4.Nxd4 Nc6 5.Nc3 Qc7 6.Be2 a6 7.O-O Nf6 8.Be3 Bb4
9.Na4 Be7 10.Nxc6 bxc6 11.Nb6 Rb8 12.Nxc8 Qxc8 13.Bd4 c5 14.Be5 Rb6 15.b3 Nxe4
16.Bxg7 Rg8 17.Be5 Bd6 18.Bg3 f5 19.Qe1 Ng5 20.Bh5+ Ke7 21.Bh4 Qc7 22.g3 Kf8
23.f4 Nf7 24.Qc3 Be7 25.Bf6 Nd6 26.Be5 Qc6 27.Bf3 Ne4 28.Qe3 d5 29.Bxe4 dxe4
30.c4 h5 31.Kf2 Qe8 32.Rad1 h4 33.Rg1 Qh5 34.Rd7 Rc6 35.Rb7 hxg3+ 36.hxg3 Rc8
37.Rd7 Ke8 38.Rdd1 Qh2+ 39.Rg2 Qh3 40.Rgg1 Qh2+ 41.Rg2 Qh3 42.Rgg1 Rd8 43.Rh1 Rd2+
44.Rxd2 Qxh1 45.Qc3 Qh2+ 46.Kf1 Qh1+ 47.Kf2 Rxg3 48.Qxg3 Bh4 49.Qxh4 Qxh4+
50.Kf1 e3 51.Rb2 Qg4 52.Ke1 Qf3 53.b4 cxb4 54.c5 Kd7  0-1

[Event "Copenhagen Chess Challenge"]
[Site "Ballerup DEN"]
[Date "2008.04.18"]
[Round "5"]
[White "Almasy,A"]
[Black "Peschardt,S"]
[Result "0-1"]
[WhiteElo "1755"]
[BlackElo "2130"]

1.e4 c5 2.Nf3 Nc6 3.Nc3 e6 4.d4 cxd4 5.Nxd4 a6 6.Be3 Qc7 7.Be2 Nf6 8.g4 d6
9.Qd2 Be7 10.h4 b5 11.g5 Nd7 12.g6 hxg6 13.h5 Nxd4 14.Bxd4 Nf6 15.O-O-O gxh5
16.Qg5 Bb7 17.f3 e5 18.Be3 Rc8 19.Rd2 Nxe4 20.Qxg7 Bf6  0-1

[Event "Copenhagen Chess Challenge"]
[Site "Ballerup DEN"]
[Date "2008.04.19"]
[Round "7"]
[White "Grove,P"]
[Black "Peschardt,S"]
[Result "0-1"]
[WhiteElo "2073"]
[BlackElo "2130"]

1.e4 c5 2.Nf3 Nc6 3.Nc3 e6 4.d4 cxd4 5.Nxd4 a6 6.Be3 Nf6 7.a3 d6 8.f3 Qc7
9.Qd2 Be7 10.g4 O-O 11.h4 b5 12.h5 Bb7 13.g5 Nd7 14.g6 Nxd4 15.Bxd4 Ne5 16.Be2 fxg6
17.f4 Nc4 18.Bxc4 Qxc4 19.hxg6 h6 20.f5 Bg5 21.Be3 Bxe3 22.Qxe3 exf5 23.Rxh6 gxh6
24.Qxh6 Qc7 25.O-O-O Qg7 26.Qh5 Rf6 27.exf5 Re8 28.Nd5 Bxd5 29.Rxd5 Re5 30.Rxe5 dxe5
31.Qh3 Rd6 32.Qb3+ Kf8 33.Qf3 Qh6+ 34.Kb1 Qd2 35.Qa8+ Rd8 36.Qxa6 Qd6 37.Qa7 Qe7
38.Qb6 Rd1+ 39.Ka2 Qd6 40.Qa7 Qd5+ 41.b3 Rd2 42.Qc7 Qd7 43.Qc5+ Qd6 44.Qc3 Rf2
45.Kb1 Kg7 46.Qc8 Qd1+ 47.Kb2 Qd4+ 48.Ka2 Rf1 49.f6+ Rxf6 50.Qb7+ Kxg6 51.Qxb5 e4
52.Qe8+ Kg5 53.a4 Kf4 54.a5 Ke3 55.Qb5 Kd2 56.Kb1 e3 57.a6 e2 58.Qa5+ Ke3
59.Qg5+ Rf4 60.Qg1+ Kd2 61.Qc1+ Kc3 62.Qe1+ Qd2 63.Qg3+ Kb4 64.c3+ Ka3  0-1

[Event "Copenhagen Chess Challenge"]
[Site "Ballerup DEN"]
[Date "2008.04.20"]
[Round "9"]
[White "Bejtovic,J"]
[Black "Olsson,Li"]
[Result "1/2-1/2"]
[WhiteElo "2364"]
[BlackElo "2372"]

1.e4 c5 2.Nf3 e6 3.d4 cxd4 4.Nxd4 Nc6 5.Nc3 Qc7 6.Be2 a6 7.O-O d6 8.a4 Nf6
9.Be3 Bd7 10.f4 Be7 11.Qe1 Nxd4 12.Bxd4 Bc6 13.Bd3 O-O 14.Qg3 Rad8 15.a5 Rd7
16.e5 dxe5 17.Bxe5 Qd8 18.Ne4 Bb5 19.Bxb5 axb5 20.f5 Rd5 21.Bxf6 Bxf6 22.Nxf6+ Qxf6
23.fxe6 Qxe6 24.Rae1 Qc6 25.Qf3 h6 26.Re7 Qc5+ 27.Qe3 Qxe3+ 28.Rxe3 Rd2 29.Rf2 Rd1+
30.Rf1 Rd2 31.Rf2 Rd1+ 32.Rf1 Rd2  1/2-1/2

[Event "II Open"]
[Site "La Laguna ESP"]
[Date "2008.04.21"]
[Round "1"]
[White "Bellia,F"]
[Black "Nortes Hernandez,P"]
[Result "1-0"]
[WhiteElo "2401"]
[BlackElo "1489"]

1.e4 c5 2.Nf3 Nc6 3.d4 cxd4 4.Nxd4 e6 5.Nc3 Bc5 6.Nb3 Bb6 7.Qe2 Nge7 8.Be3 Bc7
9.Nb5 O-O 10.O-O-O a6 11.Nd6 Bxd6 12.Rxd6 Qc7 13.Qd2 f5 14.f3 Ng6 15.Be2 f4
16.Bc5 Rd8 17.Nd4 Na5 18.Nxe6  1-0

[Event "IX EICC"]
[Site "Plovdiv BUL"]
[Date "2008.04.21"]
[Round "1"]
[White "Guseinov,G"]
[Black "Grigorov,G"]
[Result "1-0"]
[WhiteElo "2625"]
[BlackElo "2456"]

1.e4 c5 2.Nc3 Nc6 3.Nf3 e6 4.d4 cxd4 5.Nxd4 Nf6 6.Nxc6 bxc6 7.e5 Nd5 8.Ne4 Bb7
9.Be2 c5 10.O-O Qc7 11.c4 Ne3 12.Nd6+ Bxd6 13.exd6 Qc6 14.Bf3 Nxd1 15.Bxc6 Bxc6
16.Rxd1 O-O 17.Be3 Rfc8 18.Rd3 Be4 19.Rb3 Rc6 20.f3 Bg6 21.Rb7 Rxd6 22.Bxc5 Rd2
23.Bxa7 h5 24.b4 d6 25.Rc7 Rb2 26.b5 d5 27.Bd4 Rb4 28.b6 Kh7 29.a3 Rb3 30.c5 Ra4
31.Be5 Rc4 32.b7  1-0

[Event "IX EICC"]
[Site "Plovdiv BUL"]
[Date "2008.04.21"]
[Round "1"]
[White "Najer,E"]
[Black "Filip,L"]
[Result "1-0"]
[WhiteElo "2627"]
[BlackElo "2459"]

1.e4 c5 2.Nf3 e6 3.d4 cxd4 4.Nxd4 Nc6 5.Nc3 Qc7 6.Be3 a6 7.Qd2 Nf6 8.f3 b5
9.O-O-O Ne5 10.Kb1 Rb8 11.Bf4 b4 12.Nce2 Be7 13.g4 d6 14.Ng3 h5 15.g5 Nfd7
16.h4 Nc5 17.Be2 Bd7 18.Nb3 Na4 19.g6 fxg6 20.Bg5 Nf7 21.Bxe7 Kxe7 22.f4 a5
23.Rhe1 Rhc8 24.Ba6 Rd8 25.f5 gxf5 26.exf5 e5 27.Rf1 Rh8 28.Be2 Nc5 29.Nxc5 Qxc5
30.Nxh5 e4 31.f6+  1-0

[Event "IX EICC"]
[Site "Plovdiv BUL"]
[Date "2008.04.21"]
[Round "1"]
[White "Hracek,Z"]
[Black "Baumegger,S"]
[Result "1-0"]
[WhiteElo "2613"]
[BlackElo "2440"]

1.e4 c5 2.Nf3 e6 3.d4 cxd4 4.Nxd4 Nc6 5.Nc3 d6 6.Be3 Nf6 7.Qd2 Be7 8.f3 O-O
9.O-O-O d5 10.Be2 Bb4 11.a3 Ba5 12.Nb3 Bb6 13.Bxb6 Qxb6 14.exd5 Nxd5 15.Nxd5 exd5
16.Qxd5 Qf2 17.Bc4 Qxg2 18.Rdg1 Qf2 19.Rxg7+ Kxg7 20.Qg5+ Kh8 21.Rg1 Qxg1+
22.Qxg1 Be6 23.Nd2 Rae8 24.Bb5 Rg8 25.Qf2 Rg5 26.Bxc6 bxc6 27.Ne4 Rg7 28.Nf6 Rd8
29.b3 Rg6 30.Qxa7 Rg2 31.Qe7 Rc8 32.Ne8 Rg8 33.Nd6 Ra8 34.a4 Rg7 35.f4 Ra5
36.f5 Rxf5 37.Nxf5 Bxf5 38.Qe5 Bg6 39.Qd6 f6 40.Qxc6  1-0

[Event "IX EICC"]
[Site "Plovdiv BUL"]
[Date "2008.04.21"]
[Round "1"]
[White "Koepke,C"]
[Black "Novikov,St1"]
[Result "1-0"]
[WhiteElo "2296"]
[BlackElo "2564"]

1.e4 c5 2.Nf3 Nc6 3.d4 cxd4 4.Nxd4 e6 5.Nc3 Qc7 6.Be3 Nf6 7.Be2 a6 8.a3 b5
9.Nxc6 dxc6 10.f4 Bb7 11.e5 Rd8 12.Bd3 Nd5 13.Nxd5 exd5 14.c3 c5 15.O-O Be7
16.Qg4 Kf8 17.Rae1 h5 18.Qe2 Bc6 19.Qf2 d4 20.cxd4 cxd4 21.Bd2 Qd7 22.f5 f6
23.Bb4 Bxb4 24.axb4 Re8 25.e6 Qd6 26.Be4 Ke7 27.Bxc6 Qxc6 28.Qxd4 Rc8 29.Rf3 Rhd8
30.Qh4 Qe8 31.Rg3 Qh8 32.Rg6 Rd5 33.Qg3 Kf8 34.e7+ Kf7 35.Rxf6+  1-0

[Event "IX EICC"]
[Site "Plovdiv BUL"]
[Date "2008.04.21"]
[Round "1"]
[White "Radulski,J"]
[Black "Almasi,Z"]
[Result "0-1"]
[WhiteElo "2514"]
[BlackElo "2674"]

1.e4 c5 2.Nc3 Nc6 3.Nf3 e6 4.d4 cxd4 5.Nxd4 d6 6.Be2 Nf6 7.O-O Be7 8.Qd3 O-O
9.Rd1 Nxd4 10.Qxd4 Bd7 11.a4 Bc6 12.b4 b6 13.Bb2 a5 14.b5 Bb7 15.Rd3 Rc8
16.Rad1 Qc7 17.Rg3 Rfd8 18.Qd2 Kh8 19.Bd3 Qc5 20.Nd5 exd5 21.Qg5 Rg8 22.e5 Ne4
23.Qf5 dxe5 24.Bxe4 dxe4 25.Rh3 h6 26.Bxe5 f6 27.Qg6 Rgd8 28.Rxh6+ Kg8 29.Qh7+ Kf8
30.Rf1 gxh6 31.Bf4 Qd5 32.Bxh6+ Ke8  0-1

[Event "IX EICC w"]
[Site "Plovdiv BUL"]
[Date "2008.04.21"]
[Round "1"]
[White "Videnova,I"]
[Black "Milliet,S"]
[Result "0-1"]
[WhiteElo "2178"]
[BlackElo "2354"]

1.e4 c5 2.Nf3 e6 3.d4 cxd4 4.Nxd4 Nc6 5.Nc3 Qc7 6.Be3 a6 7.Qd2 Nf6 8.O-O-O Bb4
9.f3 O-O 10.Nb3 d5 11.Bg5 dxe4 12.Bxf6 gxf6 13.fxe4 Qe5 14.Nd4 Nxd4 15.Qxd4 Bxc3
16.bxc3 b5 17.Bd3 Bb7 18.Rdf1 Rfd8 19.Qxe5 fxe5 20.Rf6 Rac8 21.Kb2 b4 22.cxb4 Rd4
23.a3 Bxe4 24.Bxe4 Rxe4 25.Rhf1 Re2 26.Rxf7 Rexc2+ 27.Kb1 Rxg2 28.R7f2 Rxf2
29.Rxf2 Kg7 30.Rc2 Rb8 31.Kc1 Rb6 32.Rc5 Kf6 33.Kd2 Kf5 34.Ke3 h5 35.h3 Rd6
36.Rc8 e4 37.Rc5+ e5 38.Rc3 Rd1 39.Rb3 Rh1 40.Kf2 Rh2+ 41.Kg3 Rd2 42.b5 axb5
43.Rxb5 h4+ 44.Kxh4 Kf4 45.Rb8 e3 46.Rf8+ Ke4 47.Kg3 Rd1  0-1

[Event "IX EICC w"]
[Site "Plovdiv BUL"]
[Date "2008.04.21"]
[Round "1"]
[White "Zakurdjaeva,I"]
[Black "Cramling,P"]
[Result "0-1"]
[WhiteElo "2296"]
[BlackElo "2539"]

1.e4 c5 2.Nf3 e6 3.d4 cxd4 4.Nxd4 Nc6 5.Nc3 Qc7 6.Be3 a6 7.Be2 Nf6 8.O-O Be7
9.f4 d6 10.Qe1 O-O 11.Qg3 Nxd4 12.Bxd4 b5 13.Kh1 Bb7 14.Bf3 Rad8 15.Rae1 g6
16.f5 e5 17.Be3 Kh8 18.Bg5 Ng8 19.Bc1 Bf6 20.Qh3 Qe7 21.g4 Rc8 22.Qg2 Bg5
23.Bxg5 Qxg5 24.Qf2 Qe7 25.Bg2 f6 26.fxg6 hxg6 27.Re3 Kg7 28.Rd3 Nh6 29.Rfd1 Nf7
30.Nd5 Bxd5 31.Rxd5 Rc6 32.c3 Rb8 33.Bf1 Ng5  0-1

[Event "IX EICC w"]
[Site "Plovdiv BUL"]
[Date "2008.04.21"]
[Round "1"]
[White "Seps,M"]
[Black "Zawadzka,J"]
[Result "0-1"]
[WhiteElo "2237"]
[BlackElo "2397"]

1.e4 c5 2.Nf3 e6 3.d4 cxd4 4.Nxd4 Nc6 5.Nc3 a6 6.Be3 Nf6 7.Bd3 Qc7 8.O-O Ne5
9.Nf3 Neg4 10.Bd2 Bc5 11.Qe2 d6 12.h3 Ne5 13.Nxe5 dxe5 14.a4 b6 15.Nd1 O-O
16.b4 Be7 17.Nb2 Bb7 18.a5 bxa5 19.Rxa5 Rac8 20.Na4 Nd7 21.Rc1 Rfd8 22.Nb2 Nf6
23.Rd1 Rd4 24.c3 Rd7 25.f3 Rcd8 26.Kh2 Nh5 27.Bxa6 Bxa6 28.Rxa6 Bh4 29.Be1 Rxd1
30.Nxd1 Nf4 31.Qe3 Rxd1 32.Bxh4 h6 33.Bg3 Rd3 34.Bxf4 Rxe3 35.Bxe3 Qxc3 36.Bc5 Qc4
37.Ra8+ Kh7 38.Rf8 f5 39.exf5 Qf4+ 40.Kg1 exf5 41.Re8 h5 42.Re7 Kg8 43.Bd6 Qd4+  0-1

[Event "IX EICC w"]
[Site "Plovdiv BUL"]
[Date "2008.04.21"]
[Round "1"]
[White "Paulet,I"]
[Black "Pavlidou,E"]
[Result "1-0"]
[WhiteElo "2308"]
[BlackElo "1978"]

1.e4 c5 2.Nc3 e6 3.Nf3 Nc6 4.d4 cxd4 5.Nxd4 Nf6 6.Ndb5 d6 7.Bf4 e5 8.Bg5 a6
9.Na3 b5 10.Nd5 Be7 11.Bxf6 Bxf6 12.c3 Bg5 13.Nc2 O-O 14.a4 bxa4 15.Rxa4 a5
16.Bc4 Rb8 17.b3 Kh8 18.Nce3 Bxe3 19.Nxe3 Ne7 20.O-O f5 21.exf5 Bxf5 22.Ra2 Be4
23.Rd2 Rb6 24.Re1 Qb8 25.Qa1 Qb7 26.Qa3 Rd8 27.Red1 Ng6 28.f3 Bxf3 29.gxf3 Qxf3
30.Ng2 Nf4 31.Nxf4 Qxf4 32.Bd5 Qe3+ 33.Kh1 Qxc3 34.Rd3 Qb4 35.Qa2 Rf8 36.Qg2 Rbb8
37.Rh3 Rf6 38.Be4 h6 39.Rg1 g5 40.Rh5 Rbf8 41.Rxg5 Qxb3 42.Rg8+  1-0

[Event "ch-Odessa Region"]
[Site "Odessa UKR"]
[Date "2008.04.22"]
[Round "7"]
[White "Golubev,M"]
[Black "Reshetkov,K"]
[Result "1-0"]
[WhiteElo "2474"]
[BlackElo "2124"]

1.e4 c5 2.Nf3 Nc6 3.Nc3 e6 4.d4 cxd4 5.Nxd4 Nf6 6.a3 d6 7.Bc4 Be7 8.O-O O-O
9.Be3 a6 10.Ba2 Qc7 11.f4 e5 12.Nxc6 bxc6 13.f5 Bb7 14.g4 h6 15.g5 hxg5 16.Bxg5 Nh7
17.Be3 Rad8 18.Rf3 d5 19.Rh3 Bg5 20.Bc5 Rfe8 21.b4 Nf6 22.Qf3 Bd2 23.Qf2 dxe4
24.Qh4 Bh6 25.Kh1 Rd6 26.Rg1  1-0

[Event "IX EICC"]
[Site "Plovdiv BUL"]
[Date "2008.04.22"]
[Round "2"]
[White "Damljanovic,B"]
[Black "Moor,R"]
[Result "1-0"]
[WhiteElo "2595"]
[BlackElo "2378"]

1.e4 c5 2.Nf3 e6 3.d4 cxd4 4.Nxd4 Nc6 5.Nc3 a6 6.Nxc6 bxc6 7.Bd3 d6 8.O-O Nf6
9.Na4 d5 10.e5 Nd7 11.f4 Nb6 12.c3 g6 13.Be3 Nxa4 14.Qxa4 Bd7 15.Qc2 c5 16.Qf2 Qc7
17.b4 c4 18.Bc2 Be7 19.a4 O-O 20.Bb6 Qb8 21.Bd4 f5 22.g4 fxg4 23.Qg3 Rf7
24.Qxg4 Qf8 25.Rf3 Qh6 26.Raf1 Bd8 27.f5 exf5 28.Bxf5 Bxf5 29.Rxf5 Rxf5 30.Rxf5 Qc1+
31.Kg2 Qc2+ 32.Rf2 Qe4+ 33.Qxe4 dxe4 34.e6 Bg5 35.Re2 e3 36.Bxe3 Bf6 37.Bc5 Re8
38.Re4 Bxc3 39.Rxc4 Bf6 40.Re4 Be7 41.Bxe7 Rxe7 42.b5 axb5 43.axb5 Kf8 44.b6 Ke8
45.Ra4  1-0

[Event "IX EICC"]
[Site "Plovdiv BUL"]
[Date "2008.04.22"]
[Round "2"]
[White "Kaplan,S"]
[Black "Potkin,V"]
[Result "1/2-1/2"]
[WhiteElo "2428"]
[BlackElo "2617"]

1.e4 c5 2.Nf3 e6 3.d4 cxd4 4.Nxd4 Nc6 5.Nc3 a6 6.Be2 d6 7.O-O Nf6 8.Be3 Bd7
9.f4 Be7 10.Qe1 O-O 11.Qg3 b5 12.a3 Qb8 13.Bf3 Qc7 14.Rad1 Rac8 15.e5 dxe5
16.Nxc6 Bxc6 17.fxe5 Ne8 18.Ne4 Bxe4 19.Bxe4 Bc5 20.Bxc5 Qxc5+ 21.Kh1 g6
22.Qf4 f6 23.exf6 Nxf6  1/2-1/2

[Event "IX EICC"]
[Site "Plovdiv BUL"]
[Date "2008.04.22"]
[Round "2"]
[White "Balogh,C"]
[Black "Vehi Bach,V"]
[Result "1-0"]
[WhiteElo "2559"]
[BlackElo "2381"]

1.e4 c5 2.Nf3 e6 3.d4 cxd4 4.Nxd4 Nc6 5.Nc3 Qc7 6.f4 a6 7.Nxc6 Qxc6 8.Bd3 b5
9.Qe2 Bb7 10.Bd2 Bc5 11.O-O-O Ne7 12.Qh5 g6 13.Qg5 h6 14.Qf6 Rf8 15.Ne2 d5
16.Ng3 Qb6 17.Qh4 Ng8 18.Kb1 Be7 19.Qh3 O-O-O 20.e5 Kb8 21.Ne2 h5 22.Nc1 b4
23.Be3 d4 24.Bf2 a5 25.Rhe1 a4 26.Be4 Ba6 27.Rd2 Rd7 28.Red1 Rfd8 29.Qf3 Bc5
30.Bc6 Ra7 31.Nd3 Bxd3 32.Rxd3 Ne7 33.Be4 Nd5 34.Bxd4 Bxd4 35.Rxd4 Nc3+ 36.Qxc3  1-0

[Event "IX EICC w"]
[Site "Plovdiv BUL"]
[Date "2008.04.22"]
[Round "2"]
[White "Padurariu,I"]
[Black "Dembo,Y"]
[Result "0-1"]
[WhiteElo "2242"]
[BlackElo "2429"]

1.e4 c5 2.Nf3 e6 3.Nc3 Nc6 4.d4 cxd4 5.Nxd4 Qc7 6.Be2 a6 7.O-O Nf6 8.Be3 Bb4
9.f3 Bxc3 10.bxc3 Ne5 11.Bf4 d6 12.Qd2 Ng6 13.Bg5 Nd7 14.Nb3 h6 15.Be3 Nf6
16.Rfd1 d5 17.exd5 Nxd5 18.Bc5 b6 19.c4 bxc5 20.cxd5 c4 21.d6 Qa7+ 22.Nd4 e5
23.Qe3 O-O 24.Bxc4 exd4 25.Qxd4 Bf5 26.Bd5 Nf4 27.Qxa7 Rxa7 28.Bb3 Ne2+ 29.Kf2 Nc3
30.Rd2 Re8 31.h3 Rd7 32.g4 Bg6 33.Re1 Red8 34.Re3 Nb5 35.c4 Nxd6 36.Rde2 Nb7
37.f4 Bd3 38.Re8+ Rxe8 39.Rxe8+ Kh7 40.Rc8 Nd6 41.Rc6 f5 42.gxf5 Bxf5 43.h4 a5
44.Ra6 Bd3 45.Rxa5 Nxc4 46.Ra8 Kg6 47.Rc8 Rd4 48.Kg3 Nd6 49.Rc6 Be4 50.Ra6 Rd2
51.Be6 Nf5+ 52.Bxf5+ Kxf5 53.Ra5+ Bd5 54.Ra7 Rxa2 55.Rd7 Rd2 56.h5 Rd3+ 57.Kh2 Kxf4
58.Rxg7 Be4 59.Rg8 Rd5 60.Rf8+ Kg4  0-1

[Event "XVI Sigeman & Co"]
[Site "Malmo SWE"]
[Date "2008.04.23"]
[Round "2"]
[White "Smith,Ax"]
[Black "Stellwagen,D"]
[Result "0-1"]
[WhiteElo "2428"]
[BlackElo "2621"]

1.e4 c5 2.Nf3 e6 3.d4 cxd4 4.Nxd4 Nc6 5.Nc3 Qc7 6.Be3 a6 7.Qd2 Nf6 8.O-O-O Bb4
9.f3 O-O 10.g4 b5 11.h4 Ne5 12.h5 Bb7 13.h6 g6 14.g5 Ne8 15.Be2 Rc8 16.Nb3 f6
17.Bf4 fxg5 18.Bxe5 Qxe5 19.Qxd7 Rf7 20.Qd4 Qxd4 21.Nxd4 Nc7 22.Rhg1 Bf8
23.Rh1 g4 24.fxg4 b4 25.Bc4 bxc3 26.Nxe6 cxb2+ 27.Kxb2 Kh8 28.Nd8 Rf4 29.Nf7+ Rxf7
30.Bxf7 Bxe4 31.Rh3 Nb5 32.c4 Nd6 33.Bd5 Nxc4+ 34.Bxc4 Rxc4 35.Rd8 Kg8 36.Rc3 Rxc3
37.Kxc3 g5 38.Kd4 Bf3 39.Ke5 Kf7 40.Kf5 Bc6 41.Rd2 Be7 42.Rd4 a5 43.a4 Be8
44.Rc4 Bd7+ 45.Ke5 Kg6 46.Kd4  0-1

[Event "IX EICC"]
[Site "Plovdiv BUL"]
[Date "2008.04.23"]
[Round "3"]
[White "Tukhaev,A"]
[Black "Vehi Bach,V"]
[Result "1/2-1/2"]
[WhiteElo "2512"]
[BlackElo "2381"]

1.e4 c5 2.Nf3 e6 3.d4 cxd4 4.Nxd4 Nc6 5.Nc3 Qc7 6.g3 a6 7.Bg2 d6 8.O-O Bd7
9.Nb3 b5 10.a3 Nf6 11.f4 Rc8 12.Be3 Be7 13.Kh1 h5 14.h3 g6 15.Qe2 Kf8 16.e5 Ne8
17.Ne4 d5 18.Ned2 Ng7 19.Nf3 Nf5 20.Bf2 Na5 21.Nbd4 Nxd4 22.Nxd4 Nc6 23.c3 Nxd4
24.Bxd4 Qc4 25.Qe3 a5 26.Rf2 Bc5 27.Rd2 Bxd4 28.Rxd4 Qc5 29.Re1 Qe7 30.Kg1 Kg7
31.Rf1 Rb8 32.Rfd1 Rbe8 33.R1d2 Rb8 34.R2d3 Rbc8 35.Bf1 Rc4 36.Rd2 Rxd4 37.Qxd4 Rc8
38.Qa7 Qc5+ 39.Qxc5 Rxc5 40.Rd4 f6 41.h4 Rc8 42.exf6+ Kxf6 43.Kf2 Bc6 44.Bd3 Re8
45.Bc2 e5 46.fxe5+ Rxe5 47.Rf4+ Kg7 48.Rf3 Re7 49.Re3 Rf7+ 50.Ke2 Bd7 51.Re5 Bg4+
52.Ke1 Rf3 53.Rxd5 Rxg3 54.Rxb5 Rh3 55.c4 Rxh4 56.c5 Rh2 57.Rb7+ Kh6 58.Bd3 Rh1+
59.Kf2 Rd1 60.Be4 a4 61.Ke3 Kg5 62.c6 Rc1 63.Rb5+ Kf6 64.Rb4 Bf5 65.Bf3 Rc2
66.Rxa4 Rxb2 67.Rb4 Rc2 68.a4 Rc3+ 69.Kf2 g5 70.Bxh5 Rxc6 71.a5 Rc2+ 72.Ke3  1/2-1/2

[Event "IX EICC"]
[Site "Plovdiv BUL"]
[Date "2008.04.23"]
[Round "3"]
[White "Georgiadis,I"]
[Black "Iotov,V"]
[Result "0-1"]
[WhiteElo "2394"]
[BlackElo "2531"]

1.e4 c5 2.Nf3 e6 3.d4 cxd4 4.Nxd4 Nc6 5.Nc3 Qc7 6.Be3 a6 7.f4 b5 8.Be2 Bb7
9.O-O Bc5 10.Kh1 Qb6 11.Ndxb5 axb5 12.Bxc5 Qxc5 13.Nxb5 Ke7 14.e5 Nh6 15.a3 Nf5
16.b4 Qb6 17.c4 Nxb4 18.axb4 Bxg2+ 19.Kxg2 Ne3+ 20.Kg3 Nxd1 21.Raxd1 Qe3+
22.Bf3 g5  0-1

[Event "IX EICC"]
[Site "Plovdiv BUL"]
[Date "2008.04.23"]
[Round "3"]
[White "Kulaots,K"]
[Black "Grachev,B"]
[Result "0-1"]
[WhiteElo "2530"]
[BlackElo "2610"]

1.e4 c5 2.Nf3 e6 3.d4 cxd4 4.Nxd4 Nc6 5.Nc3 Qc7 6.Be3 Nf6 7.Qd2 Bb4 8.f3 Nxd4
9.Qxd4 Bxc3+ 10.bxc3 O-O 11.Qc5 Qb8 12.Bg5 d6 13.Qd4 e5 14.Qd2 Be6 15.Bxf6 gxf6
16.Bd3 Qc7 17.O-O Kg7 18.f4 Rg8 19.f5 Bd7 20.Rf3 Kf8 21.Rh3 Ke7 22.Rh6 Rg4
23.g3 Rag8 24.Rxh7 Qc5+ 25.Kg2 Bc6 26.Re1 d5 27.Re3 dxe4 28.Be2 R4g5 29.Bh5 Bd5
30.Bg6 R5xg6 31.fxg6 Rxg6 32.c4 Bc6 33.Rh8 Ke6 34.Qe2 f5 35.Kh3 Kf6 36.Qd2 Qd4
37.Rd8 Qxd2 38.Rxd2 f4 39.gxf4 exf4 40.Rd6+ Kf5 41.Rxg6 fxe3  0-1

[Event "IX EICC"]
[Site "Plovdiv BUL"]
[Date "2008.04.23"]
[Round "3"]
[White "Najer,E"]
[Black "Laznicka,V"]
[Result "1/2-1/2"]
[WhiteElo "2627"]
[BlackElo "2578"]

1.e4 c5 2.Nf3 e6 3.d4 cxd4 4.Nxd4 Nc6 5.Nc3 a6 6.g3 d6 7.Bg2 Bd7 8.O-O Nf6
9.Nb3 b5 10.a3 Be7 11.f4 O-O 12.g4 a5 13.g5 Ne8 14.Be3 Nc7 15.Kh1 Rb8 16.f5 b4
17.axb4 axb4 18.Ne2 Ne5 19.f6 gxf6 20.gxf6 Bxf6 21.Rxf6 Qxf6 22.Qxd6 Nb5
23.Qxb4 Kh8 24.Bf4 Rg8 25.Qc5 Ng4 26.Bxb8 Nf2+ 27.Kg1 Nh3+  1/2-1/2

[Event "IX EICC"]
[Site "Plovdiv BUL"]
[Date "2008.04.24"]
[Round "4"]
[White "Macieja,B"]
[Black "Timofeev,Arty"]
[Result "1-0"]
[WhiteElo "2599"]
[BlackElo "2664"]

1.e4 c5 2.Nf3 e6 3.d4 cxd4 4.Nxd4 Nc6 5.Nc3 Qc7 6.g3 d6 7.Bg2 a6 8.O-O Bd7
9.Re1 Be7 10.Nxc6 Bxc6 11.Qg4 h5 12.Qe2 h4 13.a4 hxg3 14.hxg3 Rc8 15.Bd2 Nf6
16.a5 e5 17.Rec1 Qd7 18.Nd5 Bxd5 19.exd5 Ng4 20.c4 f5 21.c5 dxc5 22.f3 Nf6
23.Qxe5 Qxd5 24.Qxd5 Nxd5 25.f4 Rd8 26.Be1 Bf6 27.Bf2 Nb4 28.Rxc5 Nd3 29.Rxf5 Nxf2
30.Re1+ Kf7 31.Kxf2 Rd2+ 32.Re2 Rhd8 33.Rh5 R8d3 34.Bxb7 g6 35.Rh7+ Kg8 36.Rc7 Bd4+
37.Kf1 Rd1+ 38.Kg2 Kf8 39.Bxa6 Rg1+ 40.Kh2 Rdxg3 41.Bc4 Re3 42.Rd2 Reg3 43.a6 Rg4
44.Be6  1-0

[Event "IX EICC"]
[Site "Plovdiv BUL"]
[Date "2008.04.24"]
[Round "4"]
[White "Nepomniachtchi,I"]
[Black "Papin,V"]
[Result "1-0"]
[WhiteElo "2634"]
[BlackElo "2483"]

1.e4 c5 2.Nf3 e6 3.d4 cxd4 4.Nxd4 Nc6 5.Nc3 Qc7 6.Be3 a6 7.Qd2 Nf6 8.O-O-O Bb4
9.f3 Ne5 10.Nb3 b5 11.Qe1 Nc4 12.Bd4 O-O 13.e5 Bxc3 14.Bxc3 Nd5 15.Bd4 a5
16.Nc5 a4 17.a3 f6 18.exf6 Nxf6 19.Bd3 e5 20.Bxc4+ bxc4 21.Qxe5 d6 22.Qg3 Bf5
23.Bxf6 Rxf6 24.Ne4 Rg6 25.Qf4 Bxe4 26.Qxe4 Rb8 27.Rhe1 Rxg2 28.Qe6+ Qf7
29.Qxd6 Qb7 30.Qe6+ Kf8 31.Qe5 c3 32.Qxc3 Rc8 33.Qd3 Rgxc2+ 34.Qxc2 Rxc2+
35.Kxc2 Qc7+ 36.Kb1 Qxh2 37.Rd4 h5 38.Rxa4 h4 39.Rae4 h3 40.R4e2 Qg3 41.Rh1 g5
42.Reh2 Qxf3 43.Rxh3 Qf2 44.R3h2 Qe3 45.Ka1 Qg3 46.Rh7 Kg8 47.Rd7 Qg4 48.Rc7 Qf4
49.Rhc1 Qe3 50.Rd1 Qe8 51.Rc3 Qe2 52.Rg1 Kf7 53.Rcg3  1-0

[Event "IX EICC"]
[Site "Plovdiv BUL"]
[Date "2008.04.24"]
[Round "4"]
[White "Kurnosov,I"]
[Black "Movsesian,S"]
[Result "1/2-1/2"]
[WhiteElo "2593"]
[BlackElo "2695"]

1.e4 c5 2.Nf3 e6 3.d4 cxd4 4.Nxd4 Nc6 5.Nc3 a6 6.Nxc6 bxc6 7.Bd3 d5 8.O-O Nf6
9.Qf3 Be7 10.e5 Nd7 11.Qg3 g6 12.Bh6 Bf8 13.Bxf8 Kxf8 14.Rfe1 a5 15.Na4 Kg7
16.c4 h5 17.h4 Rb8 18.b3 Nb6 19.Nc3 Qe7 20.Ne2 Bd7 21.Rac1 a4 22.Nf4 Rh6
23.Be2 axb3 24.axb3 Kf8 25.Ra1 Rh8 26.Rec1 Be8 27.Ra6 Qd8 28.Rca1 Rg8 29.Ra7 Bd7
30.cxd5 Nxd5 31.Nxd5 cxd5 32.Rc1 Be8 33.Rcc7 Rg7 34.Qe3 d4 35.Qg5 d3 36.Bd1 Qd4
37.Rab7 Ra8 38.Ra7 Rb8 39.Rab7 Ra8 40.Qe7+ Kg8 41.Ra7 Rb8 42.Qd6 Qd5 43.Rc3 Rd8
44.Qxd5 exd5 45.Rxd3 f6 46.Ra5 fxe5 47.Raxd5 Rxd5 48.Rxd5 Re7 49.Bc2 Kg7
50.Rc5 Kf6 51.Kf1 g5 52.hxg5+ Kxg5 53.Ke2 h4 54.b4 Kf6 55.Be4 Ra7 56.Ra5 Rc7
57.Kd3 Rc1 58.Rc5 Rd1+ 59.Kc3 Ke6 60.Bd3 Kd6 61.Ra5 Bc6 62.f3 Rc1+ 63.Kb3 Rg1
64.Ra6 Kc7 65.b5 Bd5+ 66.Kb4 Rxg2 67.Rh6 Bxf3 68.Rxh4 Rg4+ 69.Rxg4  1/2-1/2